Año virgineo cuyos días son finezas de la gran reyna del cielo María Santísima, Virgen, Madre del Altísimo...

Detalles Bibliográficos
Autor principal: DOLZ DEL CASTELLAR, Esteban
Formato: Libro
Publicado: Madrid 1705
Edición:3a. imp.
Materias:
Colección:Banco de datos
Acervo:Biblioteca del Convento de Santa Mónica de la Ciudad de Puebla. Puebla
Descripción Física:4a. parte
Tema general:Mariología
Notas:Regular. Ex libris manuscrito del Convento de Santa Mónica. F4, 18.
LEADER 00795nam a22002170004500
035 |a 51969 
036 |a 1737 
100 1 |a DOLZ DEL CASTELLAR, Esteban 
245 1 0 |a Año virgineo cuyos días son finezas de la gran reyna del cielo María Santísima, Virgen, Madre del Altísimo... 
250 |a 3a. imp. 
260 |a Madrid  |b imp. Antonio de Reyes  |c 1705 
300 |a 4a. parte 
500 |a Regular. Ex libris manuscrito del Convento de Santa Mónica. F4, 18. 
650 1 0 |a Mariología 
949 |a CRP-SM 
959 |a Ex convento de Santa Mónica. Puebla, Puebla  |b CCC5 
960 |a Convento de Santa Mónica de la ciudad de Puebla  |b DD88 
961 |a Franciscana  |b OF 
942 |c CRP-SM 
943 |g Biblioteca del Convento de Santa Mónica de la Ciudad de Puebla. Puebla 
999 |c 962307  |d 962307